000 00635nam a2200229 a 4500
001 BRCA_6287
005 20190320205411.0
008 030811s1900----gw-a######---#000-0#ger-#
041 _ager
044 _agw
050 4 _aPT2647
_b.E14 N86
245 1 0 _aNur nicht heiraten!
_bSatiren
_cvon A. O. Weber; ill. von Hanns Anker.
260 _aBerlín
_bG. Rieckes
_c[1900]
300 _a80 p.
_bil.
_c24 cm.
500 _aEstado físico: Encuadernación desprendida
500 _aK147
650 1 4 _aLiteratura Alemana
_96160
700 1 _aWeber, A. O.
_915768
700 1 _aAnker, Hanns
_eil.
_915769
902 _aGFM
942 _2lcc
_cB
999 _c5974
_d5974